[Event "Open Nuevo Centro. Jornada 5"]
[Site "Chess.com"]
[Date "2020.07.17"]
[Round "9"]
[White "Hassomal Daswani, Birjkumar"]
[Black "Gutierrez Marco, Dario"]
[Result "1-0"]
[WhiteElo "1850"]
[BlackElo "1830"]
[PlyCount "61"]
[EventDate "2020.??.??"]

1. e4 c5 2. Nf3 d6 3. d4 cxd4 4. Nxd4 Nf6 5. Nc3 a6 6. Be3 e5 7. Nb3 Be7 8. f3
Be6 9. Qd2 Nbd7 10. O-O-O b5 11. Kb1 Rc8 12. g4 Qc7 13. h4 Nb6 14. h5 Nc4 15.
Bxc4 Qxc4 16. g5 Nd7 17. g6 h6 18. gxf7+ Bxf7 19. Rhg1 Rg8 20. Nd5 Bxd5 21.
exd5 Nf6 22. Na5 Qc7 23. Nc6 a5 24. Qd3 b4 25. Rg6 Kf7 26. Rdg1 a4 27. Rxf6+
Bxf6 28. Qg6+ Kf8 29. Bxh6 Qf7 30. Qf5 gxh6 31. Qxc8+ 1-0

[Event "Open Nuevo Centro. Jornada 5"]
[Site "Chess.com"]
[Date "2020.07.17"]
[Round "9"]
[White "Fitzpatrick Dimas, Andrew"]
[Black "Soliva Ruiz, Ramon"]
[Result "0-1"]
[WhiteElo "1076"]
[BlackElo "1464"]
[PlyCount "56"]
[EventDate "2020.??.??"]

1. e4 c5 2. Nf3 e6 3. Nc3 Nc6 4. Bb5 a6 5. Bxc6 bxc6 6. d4 cxd4 7. Qxd4 c5 8.
Qa4 Bb7 9. Bg5 Be7 10. Bxe7 Qxe7 11. Qb3 Bc6 12. Qb6 Nf6 13. O-O O-O 14. a3
Rfb8 15. Qa5 Rxb2 16. Rac1 Bb5 17. Rfe1 Bc6 18. Ne5 Qd6 19. Nxc6 Qxc6 20. Na4
Rb5 21. Qd2 Nxe4 22. Qe3 d5 23. c4 Ra5 24. cxd5 exd5 25. Nxc5 Rxc5 26. Rxc5
Qxc5 27. Qh3 Qxf2+ 28. Kh1 Qxe1# 0-1

[Event "Open Nuevo Centro. Jornada 5"]
[Site "Chess.com"]
[Date "2020.07.17"]
[Round "9"]
[White "Lloret Ramis, Juan José"]
[Black "Macias Pino, Diego"]
[Result "0-1"]
[WhiteElo "2002"]
[BlackElo "2259"]
[PlyCount "46"]
[EventDate "2020.??.??"]

1. c4 e5 2. Nc3 Bb4 3. Qc2 Nf6 4. Nf3 d6 5. e3 O-O 6. Be2 Bg4 7. a3 Bxc3 8.
Qxc3 Nbd7 9. d3 c6 10. b4 Qe7 11. Bb2 Rfe8 12. O-O d5 13. cxd5 cxd5 14. Rfe1
Rac8 15. Qb3 e4 16. dxe4 dxe4 17. Nd4 Bxe2 18. Rxe2 Qe5 19. Rd1 Qh5 20. Red2
Ne5 21. Nb5 Nf3+ 22. gxf3 exf3 23. Kh1 Ng4 0-1

[Event "Open Nuevo Centro. Jornada 5"]
[Site "Chess.com"]
[Date "2020.07.17"]
[Round "9"]
[White "Blanco Solaz, Ramón"]
[Black "Zamora Soler, Raul"]
[Result "1-0"]
[WhiteElo "1963"]
[BlackElo "1836"]
[PlyCount "113"]
[EventDate "2020.??.??"]

1. Nf3 c5 2. c4 Nc6 3. d4 cxd4 4. Nxd4 Nf6 5. g3 e6 6. Bg2 Bb4+ 7. Nc3 O-O 8.
O-O Bxc3 9. bxc3 d5 10. cxd5 Nxd5 11. Nxc6 bxc6 12. c4 Nb4 13. Qb3 Rb8 14. a3
Na6 15. Qa4 Bd7 16. Qxa6 Qb6 17. Qxb6 axb6 18. Bf4 Ra8 19. Rfb1 b5 20. cxb5 e5
21. Bxe5 Rfe8 22. bxc6 Bf5 23. c7 Bxb1 24. Bxa8 Bf5 25. Bb7 Rxe5 26. e4 Be6 27.
f4 Rc5 28. f5 Bd7 29. a4 Rxc7 30. Bd5 Ra7 31. a5 Bb5 32. Kf2 Kf8 33. Ke3 Ke7
34. Kd4 Rc7 35. a6 Ra7 36. Bb7 Kd6 37. e5+ Kc7 38. Kc5 Bd7 39. Rc1 Bxf5 40.
Kb4+ Kd7 41. Ka5 Bd3 42. Kb6 Rxa6+ 43. Bxa6 Be4 44. Bc4 Ke7 45. Ra1 Bg6 46.
Ra7+ Ke8 47. g4 h6 48. h4 h5 49. gxh5 Bxh5 50. Kc5 Kf8 51. Kd6 Kg8 52. Bxf7+
Bxf7 53. Rxf7 Kxf7 54. Kd7 g5 55. e6+ Kg6 56. hxg5 Kxg5 57. e7 1-0

[Event "Open Nuevo Centro. Jornada 5"]
[Site "Chess.com"]
[Date "2020.07.17"]
[Round "9"]
[White "Kovacevic, Slobodan"]
[Black "Gil López, Alejandro"]
[Result "0-1"]
[WhiteElo "2179"]
[BlackElo "2179"]
[PlyCount "70"]
[EventDate "2020.??.??"]

1. d4 e5 2. dxe5 d6 3. exd6 Bxd6 4. Nf3 Nc6 5. c3 Bg4 6. Bg5 Nf6 7. Nbd2 Qe7 8.
Qa4 Bf5 9. Qb5 Bc8 10. Bxf6 Qxf6 11. Ne4 Qe7 12. Nxd6+ Qxd6 13. Rd1 Qe7 14. Qh5
O-O 15. e3 Be6 16. Bd3 g6 17. Qh6 Bxa2 18. O-O Ne5 19. Nxe5 Qxe5 20. Be2 Rad8
21. Ra1 Be6 22. Rxa7 Rd2 23. Bf3 Rxb2 24. Rxb7 Rxb7 25. Bxb7 Qxc3 26. Qf4 Rb8
27. Bf3 Rc8 28. h4 c5 29. h5 c4 30. h6 Qa3 31. Bb7 Rd8 32. Qf6 Qf8 33. Ra1 Rb8
34. Ra7 Qxh6 35. Bc6 Rb1# 0-1

[Event "Open Nuevo Centro. Jornada 5"]
[Site "Chess.com"]
[Date "2020.07.17"]
[Round "9"]
[White "Randazzo, Adrián"]
[Black "Lopez Mateo, Juan Carlos"]
[Result "1-0"]
[WhiteElo "2490"]
[BlackElo "2207"]
[PlyCount "59"]
[EventDate "2020.??.??"]

1. e4 c5 2. Nf3 e6 3. d3 Nc6 4. g3 Nf6 5. Bg2 Be7 6. O-O d6 7. Qe2 O-O 8. Rd1
a6 9. c3 Rb8 10. d4 cxd4 11. cxd4 d5 12. Nc3 dxe4 13. Nxe4 Nd5 14. Ne5 Qc7 15.
Ng5 Nxe5 16. dxe5 Bd7 17. Qe4 g6 18. Nf3 Bc6 19. Qe2 Rbc8 20. Bh6 Rfd8 21. h4
Bb5 22. Qe4 Qc2 23. Qxc2 Rxc2 24. Rab1 Rdc8 25. Nd4 R2c7 26. Nxb5 axb5 27. Bxd5
exd5 28. Rxd5 b4 29. Rbd1 Rc5 30. Rd7 1-0

[Event "Open Nuevo Centro. Jornada 5"]
[Site "Chess.com"]
[Date "2020.07.17"]
[Round "9"]
[White "Rodriguez Rodriguez, Joan David"]
[Black "Martin Ayala, David"]
[Result "1-0"]
[WhiteElo "1591"]
[BlackElo "1832"]
[PlyCount "99"]
[EventDate "2020.??.??"]

1. d4 e5 2. dxe5 d6 3. exd6 Bxd6 4. Nc3 Nc6 5. Nf3 Bg4 6. e4 Qe7 7. h3 Bh5 8.
Be2 O-O-O 9. Bd2 Nf6 10. Bd3 Ne5 11. Be2 Nxf3+ 12. Bxf3 Bf4 13. Bxh5 Rxd2 14.
Bg4+ Nxg4 15. Qxg4+ Rd7 16. Qxf4 Qb4 17. Rb1 Rhd8 18. O-O Rd2 19. Qg4+ Kb8 20.
Nd5 Qc4 21. c3 g6 22. Rfd1 Rxd1+ 23. Rxd1 Qxa2 24. Qf4 Qb3 25. Qxc7+ Ka8 26.
Ra1 Rxd5 27. exd5 a6 28. Qc8+ Ka7 29. Qc5+ Ka8 30. Qb4 Qxd5 31. Re1 Qd7 32. Re7
Qd1+ 33. Kh2 Qd5 34. Re8+ Ka7 35. Qd4+ Qxd4 36. cxd4 Kb6 37. Re7 Kc6 38. Rxf7
b5 39. Rxh7 a5 40. Ra7 b4 41. b3 Kb6 42. Rg7 a4 43. bxa4 b3 44. Rxg6+ Ka5 45.
Rg8 Kxa4 46. Rb8 Ka3 47. d5 b2 48. Rxb2 Kxb2 49. d6 Kc3 50. d7 1-0

[Event "Open Nuevo Centro. Jornada 5"]
[Site "Chess.com"]
[Date "2020.07.17"]
[Round "9"]
[White "Garcia Trobat, Francisco"]
[Black "Vega Gutiérrez, Sabrina"]
[Result "0-1"]
[WhiteElo "2148"]
[BlackElo "2185"]
[PlyCount "54"]
[EventDate "2020.??.??"]

1. Nf3 d5 2. d4 e6 3. Bf4 Nf6 4. e3 Bd6 5. Nbd2 O-O 6. Bd3 c5 7. dxc5 Bxc5 8.
O-O Nc6 9. Qe2 Re8 10. Bg5 Be7 11. e4 dxe4 12. Nxe4 Nd5 13. Bxe7 Qxe7 14. Nfg5
Nf4 15. Qf3 Nxd3 16. Qxd3 f5 17. Qh3 h6 18. Qh5 fxe4 19. Nxe4 e5 20. Rad1 Be6
21. f4 exf4 22. Rxf4 Rf8 23. Rh4 Bf5 24. Nd6 Bxc2 25. Qd5+ Kh7 26. Ne4 Qxh4 27.
Qc4 Qxe4 0-1

[Event "Open Nuevo Centro. Jornada 5"]
[Site "Chess.com"]
[Date "2020.07.17"]
[Round "9"]
[White "Alvarez Usina, Jordi"]
[Black "Galcin Plitnikas, Artiom"]
[Result "1-0"]
[WhiteElo "1335"]
[BlackElo "862"]
[PlyCount "71"]
[EventDate "2020.??.??"]

1. d4 d5 2. Bf4 Nc6 3. e3 Bf5 4. Nf3 e6 5. c3 Bd6 6. Ne5 Bxe5 7. dxe5 Qe7 8.
Nd2 f6 9. exf6 Nxf6 10. Nf3 O-O 11. Bg5 Be4 12. Bd3 Bxf3 13. Qxf3 Ne5 14. Qe2
Nxd3+ 15. Qxd3 Qf7 16. O-O-O Ne4 17. Bh4 Nxf2 18. Bxf2 Qxf2 19. Rdf1 Qh4 20. g3
Qa4 21. Kb1 Rxf1+ 22. Rxf1 Rf8 23. Rf4 Rxf4 24. exf4 Qe8 25. Qe2 Qf7 26. b3 Qf8
27. Qxe6+ Qf7 28. Qc8+ Qf8 29. Qxc7 Qf5+ 30. Kb2 Qe4 31. Qb8+ Kf7 32. Qxb7+ Ke6
33. Qxa7 Qe2+ 34. Ka3 Qxh2 35. Qxg7 Qxg3 36. Qxg3 1-0

[Event "Open Nuevo Centro. Jornada 5"]
[Site "Chess.com"]
[Date "2020.07.17"]
[Round "9"]
[White "Bercaru, Vlad Ionut"]
[Black "Gukasov, Artem"]
[Result "1-0"]
[WhiteElo "1877"]
[BlackElo "1501"]
[PlyCount "73"]
[EventDate "2020.??.??"]

1. c4 Nf6 2. Nc3 g6 3. Nf3 Bg7 4. g3 d6 5. Bg2 O-O 6. O-O Nbd7 7. d3 e5 8. Bg5
Re8 9. Rb1 c6 10. Qd2 Qc7 11. b4 b6 12. b5 c5 13. Nxe5 Bb7 14. Nxd7 Qxd7 15.
Bxf6 Bxf6 16. Nd5 Bxd5 17. Bxd5 Rad8 18. a4 Bg7 19. Bg2 f5 20. e3 Qe7 21. a5
Bf6 22. axb6 axb6 23. Ra1 Kg7 24. Ra6 Qc7 25. Qa2 Re7 26. Rb1 h6 27. Rb3 Rb8
28. Rba3 Qd8 29. Ra7 Rc8 30. Rxe7+ Bxe7 31. Ra7 Rc7 32. Qa6 Qd7 33. Ra8 Bd8 34.
Bc6 Qe7 35. Qxb6 g5 36. Qb8 f4 37. Qxd8 1-0

[Event "Open Nuevo Centro. Jornada 5"]
[Site "Chess.com"]
[Date "2020.07.17"]
[Round "9"]
[White "Gimenez Saiz, Jose Raul"]
[Black "Yuste Valenzuela, Alejandro"]
[Result "0-1"]
[WhiteElo "1551"]
[BlackElo "1851"]
[PlyCount "60"]
[EventDate "2020.??.??"]

1. d4 Nf6 2. e3 g6 3. Bd3 Bg7 4. f4 O-O 5. Nf3 d6 6. O-O c5 7. c3 Nc6 8. Qe1 d5
9. Nbd2 c4 10. Bc2 b5 11. Ne5 Qc7 12. Qf2 Nxe5 13. fxe5 Ng4 14. Qf3 Be6 15. e4
f6 16. exd5 fxe5 17. Qg3 Rxf1+ 18. Kxf1 Rf8+ 19. Kg1 Bd7 20. h3 Nh6 21. Nf3 Nf5
22. Qg5 exd4 23. Bf4 Qb6 24. cxd4 Nxd4 25. Kh1 Nxc2 26. Qxe7 Rxf4 27. Qxd7 Nxa1
28. Ng5 Rf1+ 29. Kh2 Be5+ 30. g3 Qf2# 0-1

[Event "Open Nuevo Centro. Jornada 5"]
[Site "Chess.com"]
[Date "2020.07.17"]
[Round "9"]
[White "Marques Montolio, Luis"]
[Black "Hernández Tomás, Efrén"]
[Result "1-0"]
[WhiteElo "1369"]
[BlackElo "1006"]
[PlyCount "129"]
[EventDate "2020.??.??"]

1. e4 e5 2. Nf3 Nf6 3. Nxe5 Qe7 4. Nf3 Nxe4 5. Qe2 b6 6. d3 Nf6 7. Nc3 Qxe2+ 8.
Bxe2 Bb7 9. O-O Nc6 10. a3 O-O-O 11. Bg5 Re8 12. Rae1 Be7 13. Bd1 h6 14. Bh4 g5
15. Bg3 g4 16. Ne5 Nxe5 17. Bxe5 d6 18. Bd4 c5 19. Be3 Nd5 20. Nxd5 Bxd5 21.
Bxg4+ Kc7 22. b4 Rhg8 23. Bh3 Be6 24. Bxe6 fxe6 25. bxc5 bxc5 26. c4 Bg5 27.
Bxg5 Rxg5 28. Re4 h5 29. Rfe1 Reg8 30. g3 e5 31. Rh4 Rh8 32. Rb1 Rg4 33. Rxg4
hxg4 34. Kg2 Kc6 35. a4 a6 36. a5 Rg8 37. Rb6+ Kc7 38. Rxa6 Kb7 39. Rb6+ Kc7
40. Rb5 Rb8 41. f3 gxf3+ 42. Kxf3 Rf8+ 43. Ke2 Rh8 44. h4 Rg8 45. Kf3 Rf8+ 46.
Kg4 Rg8+ 47. Kh3 Kc6 48. Rb6+ Kc7 49. Rb2 Ra8 50. Ra2 Rh8 51. g4 Rf8 52. Kg3
Kc6 53. a6 Kc7 54. g5 Kb6 55. a7 Kb7 56. h5 Ka8 57. h6 Rf4 58. Ra6 Rd4 59. g6
Rxd3+ 60. Kg4 e4 61. g7 Kb7 62. a8=Q+ Kc7 63. Ra7+ Kb6 64. Qb8+ Kc6 65. Qb7#
1-0

[Event "Open Nuevo Centro. Jornada 5"]
[Site "Chess.com"]
[Date "2020.07.17"]
[Round "9"]
[White "Serrano Requena, Guillem"]
[Black "Más Ripoll, Vicente"]
[Result "1-0"]
[WhiteElo "1453"]
[BlackElo "1073"]
[PlyCount "55"]
[EventDate "2020.??.??"]

1. d4 Nf6 2. Bg5 g6 3. Bxf6 exf6 4. c4 Bg7 5. g3 d5 6. Bg2 c6 7. cxd5 cxd5 8.
Nc3 Be6 9. e3 O-O 10. Nge2 g5 11. O-O Qa5 12. a3 Rd8 13. b4 Qc7 14. Rc1 Qe7 15.
Qd3 h6 16. e4 dxe4 17. Bxe4 a6 18. d5 f5 19. Bxf5 Bxd5 20. Nxd5 Qe5 21. Nec3
Nc6 22. Rfe1 Qd6 23. Qc2 Bxc3 24. Nxc3 Qf6 25. Rcd1 Rxd1 26. Rxd1 Nd4 27. Bh7+
Kg7 28. Qe4 1-0

[Event "Open Nuevo Centro. Jornada 5"]
[Site "Chess.com"]
[Date "2020.07.17"]
[Round "9"]
[White "Perrot, Fabien"]
[Black "Elenkov Olmo, Ivan"]
[Result "0-1"]
[WhiteElo "960"]
[BlackElo "959"]
[PlyCount "54"]
[EventDate "2020.??.??"]

1. d4 d5 2. Nf3 Nc6 3. c4 dxc4 4. d5 Nb4 5. Qa4+ Bd7 6. Qxb4 e6 7. Qxc4 exd5 8.
Qxd5 Bc6 9. Qxd8+ Rxd8 10. Ne5 Bb4+ 11. Bd2 Bxd2+ 12. Nxd2 Nf6 13. Nxc6 bxc6
14. Rc1 O-O 15. Rxc6 Rd7 16. Ra6 Rfd8 17. f3 Rxd2 18. Kf2 Rxb2 19. Rxa7 Rdb8
20. Rxc7 Rxa2 21. g3 Rab2 22. Bg2 Re8 23. Re1 Nd5 24. Rc5 Rd8 25. Bf1 Nb6 26.
Rec1 g6 27. Rc6 Rb8 0-1

[Event "Open Nuevo Centro. Jornada 5"]
[Site "Chess.com"]
[Date "2020.07.17"]
[Round "9"]
[White "Luque Saiz, Andrés"]
[Black "Montesinos Diaz, Luis"]
[Result "1/2-1/2"]
[WhiteElo "1950"]
[BlackElo "1753"]
[PlyCount "107"]
[EventDate "2020.??.??"]

1. e4 c6 2. d4 d5 3. Nd2 dxe4 4. Nxe4 Bf5 5. Ng3 Bg6 6. Nh3 Nd7 7. c3 e6 8. Nf4
Bd6 9. h4 Qc7 10. Qf3 e5 11. Nxg6 hxg6 12. Bc4 Ngf6 13. Ne4 exd4 14. Nxd6+ Qxd6
15. Bf4 Qe7+ 16. Kf1 O-O 17. cxd4 Qb4 18. Qc3 a5 19. Qxb4 axb4 20. Bd6 Rfd8 21.
Be7 Re8 22. Bxb4 Nb6 23. Bd3 Red8 24. Bc3 Nfd5 25. g3 Na4 26. Rc1 Naxc3 27.
bxc3 Rxa2 28. Bc4 Ra4 29. Bxd5 cxd5 30. Kg2 Rc8 31. Rhe1 Rac4 32. Re7 b5 33.
Rb1 Rb8 34. Rd7 Rxc3 35. Rxd5 b4 36. Rc5 Rxc5 37. dxc5 Rc8 38. Rxb4 Rxc5 39.
Kf3 Rf5+ 40. Ke3 g5 41. h5 g4 42. h6 g5 43. Rxg4 Kh7 44. f4 gxf4+ 45. Rxf4 Rxf4
46. Kxf4 Kxh6 47. Kf5 Kg7 48. Kg5 f6+ 49. Kf5 Kf7 50. g4 Kg7 51. Ke6 Kg6 52.
Ke7 Kg5 53. Kf7 Kxg4 54. Kxf6 1/2-1/2

[Event "Open Nuevo Centro. Jornada 5"]
[Site "Chess.com"]
[Date "2020.07.17"]
[Round "9"]
[White "Martínez Cuenca, Jose Andrés"]
[Black "Pardo Ruiz, Beatriz"]
[Result "0-1"]
[WhiteElo "997"]
[BlackElo "1339"]
[PlyCount "76"]
[EventDate "2020.??.??"]

1. e4 e5 2. Qh5 Qf6 3. Bc4 Bc5 4. Nf3 d6 5. d3 h6 6. Qh4 Qxh4 7. Nxh4 Nf6 8.
Nf5 O-O 9. Ne7+ Kh8 10. Nd5 Nxd5 11. Bxd5 c6 12. Bc4 Be6 13. Bxe6 fxe6 14. O-O
Nd7 15. Re1 Bxf2+ 16. Kf1 Bxe1+ 17. Kxe1 d5 18. Nc3 Rf6 19. Bd2 Raf8 20. Ke2 d4
21. Nd1 Rf1 22. Bb4 R8f2+ 23. Nxf2 Rxa1 24. a3 Rg1 25. g3 Rg2 26. c3 dxc3 27.
bxc3 a5 28. Bxa5 Rxh2 29. Kf3 Kh7 30. Ng4 Ra2 31. Bc7 Rxa3 32. Nxe5 Nxe5+ 33.
Bxe5 Kg6 34. Kf4 Kh5 35. Kf3 Kg5 36. Bxg7 Kg6 37. Be5 b5 38. c4 Rxd3+ 0-1

[Event "Open Nuevo Centro. Jornada 5"]
[Site "Chess.com"]
[Date "2020.07.17"]
[Round "9"]
[White "Donate Moreno, Silvia"]
[Black "Teply Koutsky, David"]
[Result "1-0"]
[WhiteElo "1980"]
[BlackElo "1635"]
[PlyCount "75"]
[EventDate "2020.??.??"]

1. e4 e6 2. d4 d5 3. Bd3 c5 4. exd5 exd5 5. Nf3 Nf6 6. O-O Be7 7. Be3 cxd4 8.
Nxd4 O-O 9. Nc3 Nc6 10. Re1 Nxd4 11. Bxd4 Be6 12. Qe2 Re8 13. Bb5 Rf8 14. Rad1
a6 15. Bd3 Re8 16. Qf3 Qd6 17. Bf5 Bxf5 18. Qxf5 Rad8 19. a3 h6 20. h3 b5 21.
Bxf6 Bxf6 22. Rxe8+ Rxe8 23. Ne4 Qc6 24. Nxf6+ gxf6 25. Rxd5 Re1+ 26. Kh2 Qc7+
27. g3 Qc6 28. Qd3 Re8 29. Rd8 Rxd8 30. Qxd8+ Kg7 31. Qd3 Qc5 32. Kg2 Qc6+ 33.
f3 Qc5 34. g4 Qc7 35. b3 Qc5 36. a4 bxa4 37. bxa4 Qc6 38. Qb3 1-0

[Event "Open Nuevo Centro. Jornada 5"]
[Site "Chess.com"]
[Date "2020.07.17"]
[Round "9"]
[White "Méndez Giménez, Néstor Emmanuel"]
[Black "Sampedro Roig, Josep Francesc"]
[Result "0-1"]
[WhiteElo "1145"]
[BlackElo "1687"]
[PlyCount "86"]
[EventDate "2020.??.??"]

1. e4 Nf6 2. Nc3 d5 3. Bd3 d4 4. Nce2 e5 5. c3 c5 6. cxd4 cxd4 7. Nf3 Bd6 8.
O-O Nc6 9. Qa4 O-O 10. Bb5 Bd7 11. Ng3 a6 12. Bxc6 Bxc6 13. Qb3 Nxe4 14. Nxe4
Bxe4 15. Re1 Bxf3 16. Qxf3 Qd7 17. d3 Rac8 18. Bd2 Rc2 19. Bg5 Rxb2 20. Qg3 Re8
21. Bf6 g6 22. Qg5 Re6 23. Rab1 Rxb1 24. Rxb1 b5 25. Qh4 Be7 26. Bxe7 Qxe7 27.
Qe4 f5 28. Qd5 Kg7 29. Rc1 Rd6 30. Qb3 e4 31. dxe4 fxe4 32. Qg3 d3 33. Kf1 d2
34. Rd1 Rd3 35. f3 e3 36. Qf2 exf2 37. Kxf2 Qe3+ 38. Kf1 Rc3 39. g4 Rc1 40.
Rxc1 dxc1=Q+ 41. Kg2 Qcd2+ 42. Kg3 Qdf2+ 43. Kh3 Qexf3# 0-1

[Event "Open Nuevo Centro. Jornada 5"]
[Site "Chess.com"]
[Date "2020.07.17"]
[Round "9"]
[White "Rabbani Perez, Ayoub"]
[Black "Rabbani Perez, Oumaima"]
[Result "0-1"]
[WhiteElo "276"]
[BlackElo "624"]
[PlyCount "68"]
[EventDate "2020.??.??"]

1. e3 e5 2. e4 Bc5 3. d3 Nf6 4. Nf3 Ng4 5. Nxe5 Nxf2 6. Rg1 Nxd1 7. Kxd1 Bxg1
8. Ng4 O-O 9. e5 Bd4 10. c3 Bxe5 11. Nxe5 Qe8 12. Ng4 d6 13. d4 Nc6 14. Nf2 Na5
15. d5 Nc4 16. b3 Nb2+ 17. Bxb2 Bg4+ 18. Kc1 Bf5 19. Na3 Qe1+ 20. Nd1 Qxf1 21.
c4 Qf4+ 22. Ne3 Rae8 23. Nb5 Qg5 24. Nxc7 Re7 25. Nb5 Qg6 26. Nxf5 Qxf5 27.
Nxd6 Re1+ 28. Kd2 Re4 29. Nxf5 Rfe8 30. d6 Rf4 31. Ng3 Rf2+ 32. Kd3 Rxg2 33.
Nh5 Rf8 34. h3 Rh2 0-1

[Event "Open Nuevo Centro. Jornada 5"]
[Site "Chess.com"]
[Date "2020.07.17"]
[Round "9"]
[White "Pedros Viudes, Santiago"]
[Black "Yatseta Fernandez, Marc Kazymyr"]
[Result "1-0"]
[WhiteElo "1922"]
[BlackElo "1553"]
[PlyCount "83"]
[EventDate "2020.??.??"]

1. d4 Nf6 2. Nf3 d5 3. Bf4 Bf5 4. c4 e6 5. Nc3 c5 6. Nb5 Na6 7. e3 Nh5 8. Bg3
Nxg3 9. hxg3 Be7 10. Bd3 Bxd3 11. Qxd3 Nb4 12. Qe2 a6 13. Na3 h6 14. O-O O-O
15. Rfd1 Qc7 16. Rac1 b6 17. cxd5 Nxd5 18. Ne5 Bf6 19. Nd3 Be7 20. Rc2 Qa7 21.
dxc5 bxc5 22. Rdc1 Rac8 23. b4 Rc7 24. bxc5 Rfc8 25. e4 Nf6 26. Qe3 Rc6 27. Kh2
Nd7 28. Nb4 R6c7 29. Nd3 a5 30. Nb5 Qb7 31. Nxc7 Qxc7 32. c6 Nb8 33. Qf4 e5 34.
Qxe5 Bd6 35. Qd5 Rd8 36. Qc4 Kh7 37. e5 Be7 38. Qxf7 Rf8 39. Qc4 Rc8 40. Qe4+
Kh8 41. Nf4 Rf8 42. Ne6 1-0

[Event "Open Nuevo Centro. Jornada 5"]
[Site "Chess.com"]
[Date "2020.07.17"]
[Round "9"]
[White "Donate Peris, Jose Manuel"]
[Black "Bendayán Claros, Aaron"]
[Result "0-1"]
[WhiteElo "1539"]
[BlackElo "1949"]
[PlyCount "88"]
[EventDate "2020.??.??"]

1. d4 c6 2. e4 d5 3. e5 Bf5 4. Bd3 Bxd3 5. Qxd3 e6 6. Ne2 Qa5+ 7. Bd2 Qa6 8.
Qxa6 Nxa6 9. c3 Ne7 10. O-O h5 11. Na3 Nf5 12. Nc2 Be7 13. Ne3 g6 14. Nxf5 gxf5
15. f4 c5 16. dxc5 Nxc5 17. Be3 Ne4 18. Ng3 a6 19. Nxe4 fxe4 20. Kf2 f5 21.
exf6 Bxf6 22. g3 Kd7 23. Rfd1 Kc6 24. Rac1 Rad8 25. h4 Rhg8 26. Bd4 Bxd4+ 27.
Rxd4 Rd7 28. c4 Kb6 29. cxd5 exd5 30. Rcd1 Rgd8 31. Ke3 Kc5 32. a3 Rg8 33. Kf2
b5 34. b4+ Kc6 35. Rc1+ Kd6 36. Rc5 Ke6 37. Rc6+ Rd6 38. Rc7 Kf5 39. Rh7 Kg4
40. Re7 Rc8 41. Rd2 Rc3 42. Re5 e3+ 43. Ke2 exd2 44. Kxd2 Rxg3 0-1

[Event "Open Nuevo Centro. Jornada 5"]
[Site "Chess.com"]
[Date "2020.07.17"]
[Round "9"]
[White "Segarra Martinez, Axel"]
[Black "Pallardo Lozoya, Jose Vicente"]
[Result "1-0"]
[WhiteElo "2277"]
[BlackElo "2280"]
[PlyCount "89"]
[EventDate "2020.??.??"]

1. e4 c6 2. d4 d5 3. exd5 cxd5 4. Bd3 Nc6 5. c3 Nf6 6. Bf4 Bg4 7. Qb3 Qc8 8.
Nd2 e6 9. Ngf3 Be7 10. O-O O-O 11. Ne5 Bh5 12. Bg5 Re8 13. f4 Nd7 14. Bxe7 Rxe7
15. Rae1 Qc7 16. Qc2 Bg6 17. Bxg6 hxg6 18. Ndf3 Nf8 19. Qf2 f6 20. Nd3 Nd8 21.
Re3 Nf7 22. Rfe1 Nd6 23. Nc5 Rae8 24. Nd2 b6 25. Nd3 a5 26. Rc1 Nd7 27. Qf3 Nf5
28. Re2 Kf7 29. b3 Rh8 30. g4 Nd6 31. c4 dxc4 32. bxc4 Rc8 33. d5 Nf8 34. Rce1
Nxc4 35. dxe6+ Kg8 36. Nxc4 Qxc4 37. f5 gxf5 38. gxf5 Qd4+ 39. Kh1 Rc3 40. Re3
Nh7 41. Nf4 Rc8 42. Ng6 Ree8 43. Rd3 Qc5 44. Qd5 Qf2 45. e7# 1-0

[Event "Open Nuevo Centro. Jornada 5"]
[Site "Chess.com"]
[Date "2020.07.17"]
[Round "9"]
[White "Fernández Martin, Carlos"]
[Black "Aguado, Pablo Luis"]
[Result "1/2-1/2"]
[WhiteElo "1737"]
[BlackElo "1922"]
[PlyCount "148"]
[EventDate "2020.??.??"]

1. e4 e5 2. Nf3 Nf6 3. Nxe5 d6 4. Nf3 Nxe4 5. Qe2 Qe7 6. d3 Nf6 7. Nc3 c6 8.
Be3 d5 9. O-O-O Nbd7 10. g3 g6 11. Bg2 Bg7 12. Rhe1 O-O 13. Qd2 Qd8 14. Bg5 Nc5
15. d4 Ne6 16. Be3 b6 17. Bh6 Bb7 18. Bxg7 Kxg7 19. Ne5 c5 20. f4 cxd4 21. Nb5
Rc8 22. Nxd4 Nxd4 23. Qxd4 Qc7 24. c3 Rfe8 25. g4 Kg8 26. g5 Nd7 27. Nxd7 Qxd7
28. h4 Qg4 29. Bxd5 Bxd5 30. Qxd5 Qxf4+ 31. Kb1 Rxe1 32. Rxe1 Qxh4 33. Rf1 Rf8
34. a4 Qh3 35. Rh1 Qf5+ 36. Qxf5 gxf5 37. Rf1 Kg7 38. Rxf5 Re8 39. Kc2 a6 40.
b4 Re6 41. Kd3 Kg6 42. Rd5 f6 43. gxf6 Kxf6 44. b5 axb5 45. axb5 Ke7 46. Rh5 h6
47. Kd4 Kd6 48. Rd5+ Kc7 49. c4 Rg6 50. Rf5 Kd6 51. Rd5+ Ke6 52. Re5+ Kd6 53.
Rd5+ Ke6 54. Rd8 Ke7 55. Rb8 Kd7 56. Rb7+ Kc8 57. Rh7 Kd8 58. Kd5 Kc8 59. Ke5
Kd8 60. Kf5 Rd6 61. Ke5 Rg6 62. Kd5 Kc8 63. c5 bxc5 64. Kxc5 Kb8 65. Kb4 Rf6
66. Ka5 Rg6 67. b6 Rg1 68. Rxh6 Ra1+ 69. Kb5 Rb1+ 70. Kc4 Rc1+ 71. Kb3 Kb7 72.
Kb2 Rc6 73. Rxc6 Kxc6 74. b7 Kxb7 1/2-1/2

[Event "Open Nuevo Centro. Jornada 5"]
[Site "Chess.com"]
[Date "2020.07.17"]
[Round "9"]
[White "Chofre Murcia, Adrián"]
[Black "Soler Nadal, Jose Antonio"]
[Result "1-0"]
[WhiteElo "1685"]
[BlackElo "1510"]
[PlyCount "109"]
[EventDate "2020.??.??"]

1. e4 c6 2. Nc3 d5 3. exd5 cxd5 4. d4 Nf6 5. Nf3 Bg4 6. Be3 Nc6 7. Be2 e6 8. h3
Bh5 9. Qd2 Bb4 10. a3 Qa5 11. O-O Bxc3 12. Qxc3 Qxc3 13. bxc3 Na5 14. Rab1 Rc8
15. Rb5 b6 16. g4 Bg6 17. Ne5 Bxc2 18. Rc1 Bg6 19. f3 Ke7 20. h4 h6 21. Nxg6+
fxg6 22. g5 Ne8 23. Bd3 Nd6 24. Rb4 Nf5 25. Bxf5 gxf5 26. g6 h5 27. Bg5+ Kd7
28. Kf2 Nc4 29. a4 Nb2 30. Rxb2 Rc4 31. Rb4 Rhc8 32. Rxc4 Rxc4 33. a5 bxa5 34.
Bd2 a4 35. Ra1 Ke7 36. Bg5+ Kd7 37. Ra3 Kc6 38. Ke2 Kd7 39. Kd3 Kd6 40. Bf4+
Ke7 41. Be5 Kf8 42. Bd6+ Ke8 43. Bb4 Kd7 44. Rxa4 a5 45. Rxa5 Rc7 46. Ra3 Kc6
47. Bc5 Rb7 48. Ra6+ Kd7 49. Rd6+ Ke8 50. Rxe6+ Kd7 51. Re5 Rb1 52. Rxd5+ Ke6
53. Rd6+ Ke7 54. Rb6+ Kd7 55. Rxb1 1-0

[Event "Open Nuevo Centro. Jornada 5"]
[Site "Chess.com"]
[Date "2020.07.17"]
[Round "9"]
[White "Miranda Calvo, Max Rodrigo"]
[Black "Cebolla Ruiz, David"]
[Result "1-0"]
[WhiteElo "1332"]
[BlackElo "1471"]
[PlyCount "99"]
[EventDate "2020.??.??"]

1. e4 c6 2. Nc3 d5 3. exd5 cxd5 4. d4 Nf6 5. Bg5 e6 6. Bd3 Be7 7. Nge2 O-O 8.
O-O Nc6 9. Qd2 Qb6 10. Na4 Qa5 11. Qxa5 Nxa5 12. Bxf6 Bxf6 13. Nc5 b6 14. Nb3
Nxb3 15. axb3 Bb7 16. c4 dxc4 17. bxc4 Rfd8 18. Rfd1 g6 19. Bc2 Rac8 20. b3 a6
21. f3 Bg7 22. Be4 Bxe4 23. fxe4 a5 24. Rac1 Rc7 25. d5 exd5 26. exd5 Rcd7 27.
Rd3 b5 28. Rcd1 bxc4 29. bxc4 Rc8 30. Rc1 Bf8 31. Rc2 Rdc7 32. Rd4 Bc5 33. d6
Bxd4+ 34. Nxd4 Rd7 35. c5 Rxd6 36. cxd6 Rxc2 37. d7 Rc1+ 38. Kf2 a4 39. d8=Q+
Kg7 40. Qg5 a3 41. Qxc1 a2 42. Qa1 h5 43. Nc6+ Kh6 44. Qxa2 Kg5 45. Qxf7 Kh4
46. g3+ Kh3 47. Qxg6 h4 48. Nd4 Kxh2 49. gxh4 Kh1 50. Qg2# 1-0

[Event "Open Nuevo Centro. Jornada 5"]
[Site "Chess.com"]
[Date "2020.07.17"]
[Round "9"]
[White "Granero Roca, Antonio"]
[Black "Chernikov, Vladimir"]
[Result "1-0"]
[WhiteElo "2440"]
[BlackElo "2194"]
[PlyCount "113"]
[EventDate "2020.??.??"]

1. Nf3 c5 2. g3 Nc6 3. Bg2 g6 4. d3 Bg7 5. O-O e5 6. c4 Nge7 7. Nc3 d6 8. Ne1
O-O 9. Nc2 Be6 10. Ne3 Rb8 11. Rb1 a6 12. b3 b5 13. Ned5 Qd7 14. Bg5 f6 15. Bd2
Bh3 16. e3 Bxg2 17. Kxg2 b4 18. Na4 Nxd5 19. cxd5 Ne7 20. e4 f5 21. Bg5 f4 22.
Bxe7 f3+ 23. Kh1 Qxe7 24. Rg1 Qg5 25. g4 Rf4 26. Rg3 Rbf8 27. h3 h5 28. gxh5
Qxh5 29. Qg1 Rh4 30. Kh2 Bh6 31. Rxg6+ Kh7 32. Rxh6+ Qxh6 33. Qg3 Rg8 34. Qxf3
Rf4 35. Qe3 Qh4 36. Rf1 Rg6 37. Nb6 Qg5 38. Qg3 Qh6 39. Qe3 Qg7 40. Nc4 Rg2+
41. Kh1 Qg6 42. Nxd6 Rg5 43. Nf5 Qh5 44. Rg1 Rxg1+ 45. Kxg1 Rf3 46. Ng3 Rxe3
47. Nxh5 Rxd3 48. Nf6+ Kg7 49. Nd7 Rc3 50. Nxe5 Rc2 51. Nc4 Kf7 52. e5 Ke7 53.
Nb6 Kd8 54. h4 a5 55. h5 Rxa2 56. h6 Ra1+ 57. Kg2 1-0